000 00505nam a2200169Ia 4500
003 GCL
008 140319s9999 xx 000 0 ara d
040 _aGCL /
_cGCL
082 0 4 _a813.01
_bف ش
100 1 _aفؤاد قنديل
245 1 0 _aشدو البلابل والكبرياء /
_cفؤاد قنديل
300 _aالقاهرة
490 _aمختارات فصول
_v0
650 0 4 _aالقصص القصيرة
650 0 4 _aالقصص العربية القصيرة - مصر
942 _2ddc
_cBK
999 _c38800
_d38800